| 000 | 00398pab a2200157 454500 | ||
|---|---|---|---|
| 008 | 180718b2004 xxu||||| |||| 00| 0 eng d | ||
| 100 | _aDeepak, B.R. | ||
| 245 | _aHow "well-off" is China? | ||
| 260 | _c2004 | ||
| 300 | _ap.26-30. | ||
| 362 | _a2 Oct | ||
| 650 | _aEconomic and social development - China | ||
| 650 | _aEconomic and social development | ||
| 773 | _aMainstream | ||
| 909 | _a62640 | ||
| 999 |
_c62640 _d62640 |
||